书目信息 |
| 题名: |
光通信系统
|
|
| 作者: | ;刘时衡 译 ;日本机械振兴协会 编 | |
| 分册: | ||
| 出版信息: | 北京 人民邮电出版社 1982 |
|
| 页数: | 361页 | |
| 开本: | 21cm | |
| 丛书名: | ||
| 单 册: | ||
| 中图分类: | TN929.1 | |
| 科图分类: | ||
| 主题词: | 光通信 | |
| 电子资源: | ||
| ISBN: | ||
| 000 | 00711nam0 2200253 45 | |
| 001 | 0182006469 | |
| 005 | 20040517093521.6 | |
| 010 | @dCNY1.75 | |
| 091 | @a15045.2622 | |
| 100 | @a19950706d1982 em y0chiy0121 ea | |
| 101 | 1 | @achi@cjpn |
| 102 | @aCN@b110000 | |
| 105 | @ay z 000yy | |
| 106 | @ar | |
| 200 | 10 | @a光通信系统@Aguang tong xin xi tong@f日本机械振兴协会编@g刘时衡译 |
| 210 | @a北京@c人民邮电出版社@d1982 | |
| 215 | @a361页@d21cm | |
| 606 | @a光通信 | |
| 690 | @aTN929.1@v3 | |
| 702 | 0 | @a刘时衡@Aliu shi heng@4译 |
| 711 | 02 | @a日本机械振兴协会@Ari ben ji xie zhen xing xie hui@4编 |
| 801 | 0 | @aCN@b上海图书馆@c20040517 |
| 801 | 2 | @aCN@bNLC@c20040517 |
| 905 | @f1@b159062@dTN929.1@e13 | |
| 光通信系统/日本机械振兴协会编/刘时衡译.-北京:人民邮电出版社,1982 |
| 361页;21cm |
| ISBN :CNY1.75 |
| ● |
| 相关链接 |
|
|
|
|
正题名:光通信系统
索取号:TN929.1/13
 
预约/预借
| 序号 | 登录号 | 条形码 | 馆藏地/架位号 | 状态 | 备注 |
| 1 | 0159062 | 001324105 | 第三借阅区/ [索取号:TN929.1/13] | 在馆 | |
| 2 | 0159063 | 202451630 | 第二样本阅览室/ [索取号:TN929.1/13] | 在馆 |